Arbeitsgemeinschaft für Forschung des Landes Nordrhein-Westfalen: Geisteswissenschaften

Guardat en:
Dades bibliogràfiques
Format: Llibre
Idioma:alemany
Publicat: Colonia Wesdst 1953
Matèries:
Etiquetes: Afegir etiqueta
Sense etiquetes, Sigues el primer a etiquetar aquest registre!

MARC

LEADER 00000nam a2200000 a 4500
001 UCZ3445
003 CL-VaPUC
008 951020e19530000GW |||||||||||||||||ger|d
082 0 4 |a 128  |b ARB  |2 21 
245 1 0 |a Arbeitsgemeinschaft für Forschung des Landes Nordrhein-Westfalen: Geisteswissenschaften 
300 |a v 
942 |c BK 
945 |d 19951020 00:00:00  |a lriquelm 
260 |a Colonia  |b Wesdst  |c 1953 
500 |a v.1: Von der Bedeuntung der Geisteswissenschaften für die Bildung unserer Zeit. Die Lehre vom Ursprung und Sinn der Theorie bei Aristoteles 
650 0 |a Filosofía del espíritu  |9 320175 
650 7 |a HOMBRE  |2 CL-VaPUC  |9 262149 
650 0 |a Metafísica  |9 265649 
650 0 |a Ontología   |9 256850 
650 0 |a Humanismo  |9 256530 
583 |a last modification  |c 20130320 10:18:57  |k Rodrigo Vera 
999 |c 239920  |d 239918 
952 |0 0  |1 0  |4 0  |6 128_000000000000000_ARB_1953  |7 0  |8 P  |9 251449  |a BIBEDU  |b BIBEDU  |c BIBEDU_PB  |d 2019-11-18  |h v.1  |i 158913K  |o 128 ARB 1953  |p 158913K  |r 2024-01-25  |w 2019-11-18  |y BK  |k FIL